00179nam a2200061Ia 4500008004100000100001500041245006100056120527s9999 xx 000 0 und d aDIULIO, E. aSchaum's outline of theory and problem of macro Economic